Представление документа в формате RUSMARC

ПолеНазваниеЗначение
  Тип записи a
  Библиографический уровень a
001 Контрольный номер RU/УОНБ/EK_Kray/506684733
005 Дата корректировки 20240131005130.5
100 Данные общей обработки __
a Данные общей обработки 20160121d2016 ||| 0rusy0189 ca
101 Язык документа 0_
a Язык текста rus
102 Страна публикации __
a Страна публикации RU
105 Кодированные данные (монография) __
a Кодированные данные (монография) y###||||000|y
200 Заглавие и сведения об ответственности 1_
a Заглавие "Катастрофический" прогноз
f Первые сведения об ответственности Екатерина Нейфельд
215 Физическое описание __
c Иллюстрации/тип воспроизводства 1 фот.
225 Серия __
a Серия Районные вести. Центр
330 Аннотация __
a Аннотация Прогноз МЧС на 2016 год.
461 Уровень набора _0
1 2000
a Народная газета
1 011
463 Уровень физической единицы _0
1 001RU/УОНБ/EK_Kray/506682878
1 2000
a 13 янв
v С. 8
1 210
d 2016
610 Ключевые слова __
a Ключевые слова МЧС
610 Ключевые слова 0_
a Ключевые слова пожары
610 Ключевые слова 0_
a Ключевые слова прогнозы
686 Индексы других классификаций __
a Классификационный индекс 67.611
2 Код системы rubbk
700 Автор _1
a Фамилия Нейфельд
b Имя (инициалы) Е.
g Полное личное имя Екатерина
801 Источник записи _0
a Страна RU
b Организация Ульяновская ОНБ
c Дата составления 20160121
g Правила каталогизации RCR
801 Источник записи _1
a Страна RU
b Организация Ульяновская ОНБ
c Дата составления 20160121
g Правила каталогизации RCR
901 Тип документа __
t Тип документа f
w Контрольный № источника RU/УОНБ/EK_Kray/506682878
909 Создатель записи __
a Создатель записи Образцова
938 Служебная информация __
a Имя БД kraeved_work
b Имя библиотеки УОНБ
c Имя АИБС МАРК-SQL
d Номер DOC_ID в БД 118970